|
|
|
|
| LEADER |
00000nab a2200000 i 4500 |
| 001 |
publ526 |
| 005 |
20220405082339.0 |
| 008 |
220405s2001 hu o 000 zxx d |
| 040 |
|
|
|a BGE Publikációtár Repozitórium
|b hun
|
| 100 |
1 |
|
|a Majoros Pál
|
| 245 |
1 |
3 |
|a Az Európai Unió és Kína kapcsolatai az ezredfordulón
|c Majoros Pál
|h [elektronikus dokumentum]
|
| 260 |
|
|
|c 2001
|
| 300 |
|
|
|a 3-50
|
| 490 |
0 |
|
|a EU Working Papers
|v No. 1. sz.
|
| 650 |
|
4 |
|a közgazdaságtudományok
|
| 695 |
|
|
|a Kína
|
| 695 |
|
|
|a EU-külkapcsolatok
|
| 700 |
1 |
|
|a Kovács Réka
|e aut
|
| 856 |
4 |
0 |
|u https://publikaciotar.uni-bge.hu/id/eprint/526/1/ewp_0101_01.pdf
|z Dokumentum-elérés
|